000 00288nam a22001337a 4500
008 181221b xxu||||| |||| 00| 0 eng d
020 _a9780030031335
041 _aeng
080 _a574
100 _a11
101 _aMJE
245 _aEnvironmental Science
_cArms,K
942 _2udc
_cBK
999 _c53676
_d53676